000 00529nam a22001937a 4500
005 20220409094117.0
008 220409b ||||| |||| 00| 0 eng d
020 _a0006543413
040 _cAL
041 _aEnglish
082 _223
_a303.484
_bCAPU
100 _aFritjof Capra
_928818
245 _aUncommon Wisdom : Conversations With Remarkable People
260 _aLondon
_bFlamingo
_c1988
300 _a352 p.
_bPB
_c19.5x13 cm.
650 _aInnovations
_928819
700 _aCAPRA (Fritjof)
_928820
942 _2ddc
_cGF
999 _c222311
_d222311